| 000 | 00809nam a2200265 a 4500 | ||
|---|---|---|---|
| 008 | |||
| 020 | _a0408712996 (pbk.) | ||
| 049 | _aMAIN | ||
| 090 | _aQ175.5 | ||
| 100 | 1 | _aPavitt, Keith. | |
| 245 | 1 | 0 |
_aScience, technology and the modern industrial state / _cKeith Pavitt and Michael Worboys. |
| 260 |
_aLondon : _bButterworths, _c1977. |
||
| 300 |
_a80 p. ; _c22 cm. |
||
| 440 | 0 | _aScience in a social context. | |
| 504 | _aIncludes bibliographical references. | ||
| 650 | 0 | _aScience and state. | |
| 650 | 0 | _aTechnology and state. | |
| 650 | 0 | _aScience and industry. | |
| 700 | 1 |
_aWorboys, Michael, _ejoint author. |
|
| 907 |
_a.b10011584 _b03-05-04 _c17-04-03 |
||
| 003 | |||
| 005 | 20230123133125.0 | ||
| 040 | _cNUST | ||
| 942 |
_cBOOKS _kQ175.5 |
||
| 999 |
_c143136 _d143136 |
||